PeopleSoft PeopleTools data management and upgrade handbook / (رقم التسجيلة. 33073)

تفاصيل مارك
000 -الفاتح
حقل البيانات ثابتة الطول 01577cam a2200397 a 4500
001 - رقم الضبط
رقم الضبط 17637384
003 - محدد رقم الضبط
رقم الضبط OSt
005 - وقت وتاريخ اخر تعامل مع التسجيلة
رقم الضبط 20150408114202.0
008 - عناصر البيانات ثابتة الطول - معلومات عامة
حقل البيانات ثابتة الطول 130225s2013 nyua b 001 0 eng d
010 ## - رقم ضبط مكتبة الكونجرس
رقم ضبط مكتبة الكونجرس 2012406878
016 7# - رقم ضبط الوكاله الوطنية للضبط الببليوجرافي
رقم ضبط التسجيلة 016142593
المصدر Uk
020 ## - الرقم الدولى المعيارى للكتب
الرقم الدولى المعيارى للكتاب 9780071787925
020 ## - الرقم الدولى المعيارى للكتب
الرقم الدولى المعيارى للكتاب 0071787925
035 ## - رقم ضبط النظام
رقم ضبط النظام (OCoLC)ocn819733188
037 ## - مصدر التزويد
رقم المخزون 1346720
مصدر رقم المخزون/ التزويد QBI
040 ## - مصدر الفهرسة
وكالة الفهرسة الأصلية IMD
لغة الفهرسة eng
وكالة النسخ IMD
وكالة التعديل QBX
-- BTCTA
-- BDX
-- YDXCP
-- UKMGB
-- BWX
-- CDX
-- DLC
042 ## - رمز التحقق
رمز التحقق lccopycat
050 00 - رقم طلب مكتبة الكونجرس
رقم التصنيف HD30.37
رقم المادة .D5 2013
082 04 - رقم تصنيف ديوى العشرى
رقم التصنيف 005.74
رقم الطبعة 23
رقم المادة DPP
100 1# - المدخل الرئيسى - إسم شخصى
الإسم الشخصى Dean, Paula.
9 (RLIN) 41909
245 10 - بيان العنوان
العنوان PeopleSoft PeopleTools data management and upgrade handbook /
بيان المسئوليه,etc Paula Dean, Jim J. Marion.
260 ## - PUBLICATION, DISTRIBUTION, ETC. (IMPRINT)
مكان الناشر او الموزع New York :
اسم الناشر او الموزع McGraw-Hill,
تاريخ النشر أو التوزيع c2013.
300 ## - الوصف المادى
التعداد xix, 328 p. :
تفاصيل ماديه اخرى للوعاء ill. ;
أبعاد الوعاء 24 cm.
504 ## - تبصرة ببليوجرافية
تبصرة ببليوجرافية,الخ Includes bibliographical references and index.
650 #0 - المدخل الاضافى بالموضوع-مصطلح موضوعى
مصطلح موضوعي أو اسم جغرافي كعنصر مدخل PeopleSoft software.
9 (RLIN) 41910
650 #0 - المدخل الاضافى بالموضوع-مصطلح موضوعى
مصطلح موضوعي أو اسم جغرافي كعنصر مدخل Database management.
650 #0 - المدخل الاضافى بالموضوع-مصطلح موضوعى
مصطلح موضوعي أو اسم جغرافي كعنصر مدخل Computer software
التقسيم الفرعي العام Development.
650 #0 - المدخل الاضافى بالموضوع-مصطلح موضوعى
مصطلح موضوعي أو اسم جغرافي كعنصر مدخل Business enterprises
التقسيم الفرعي العام Computer networks.
9 (RLIN) 5730
700 1# - المدخل الاضافى - اسم شخصى
الإسم الشخصى Marion, Jim J.
9 (RLIN) 41911
856 42 - الوصول و الموقع الالكترونى
مواد محددة Contributor biographical information
معرف المصدر الموحد <a href="http://www.loc.gov/catdir/enhancements/fy1307/2012406878-b.html">http://www.loc.gov/catdir/enhancements/fy1307/2012406878-b.html</a>
856 42 - الوصول و الموقع الالكترونى
مواد محددة Publisher description
معرف المصدر الموحد <a href="http://www.loc.gov/catdir/enhancements/fy1307/2012406878-d.html">http://www.loc.gov/catdir/enhancements/fy1307/2012406878-d.html</a>
856 41 - الوصول و الموقع الالكترونى
مواد محددة Table of contents only
معرف المصدر الموحد <a href="http://www.loc.gov/catdir/enhancements/fy1307/2012406878-t.html">http://www.loc.gov/catdir/enhancements/fy1307/2012406878-t.html</a>
906 ## - عنصر بيانات محلى F, LDF (RLIN)
a 7
b cbc
c copycat
d 2
e ncip
f 20
g y-gencatlg
942 ## - عناصر المدخل الإضافي( كوها)
مصدر التصنيف او مخطط الترفيف Dewey Decimal Classification
Koha [default] item type DVD
المقتنيات
حالة الفقد نموذج السعر الفعال حالة تلف ليس للاعارة رقم الطلب تاريخ الاكتساب الموقع الحالي الفرع الرئيسي Date last seen نوع المادة فى نظام كوها مصدر التصنيف او خطة الترفيف Total Checkouts
  2014-01-08     005.74 DPP 2014-01-08 المكتبة المركزية بالمجمعة (CL) المكتبة المركزية بالمجمعة (CL) 2014-01-08 كتاب Dewey Decimal Classification